Siembra directa y fertilización : sistemas ganaderos de la región semiárida /
Guardado en:
| Autor Principal: | |
|---|---|
| Formato: | Libro |
| Publicado: |
Buenos Aires :
Inta,
2002
|
| Materias: | |
| Etiquetas: |
Agregar Etiqueta
Sin Etiquetas, Sea el primero en etiquetar este registro!
|
| LEADER | 01121nam a22002055a 4500 | ||
|---|---|---|---|
| 001 | CEM.cems018546 | ||
| 005 | 20160928114859.0 | ||
| 008 | 130507s2002##################000#0#####d | ||
| 003 | CEMS | ||
| 082 | 0 | 4 | |a 631.5 |
| 100 | 1 | |a Vallejo, A. | |
| 245 | 1 | 0 | |a Siembra directa y fertilización : |b sistemas ganaderos de la región semiárida / |c A. Vallejo, R. Souto y A. Quiroga |
| 260 | |a Buenos Aires : |b Inta, |c 2002 | ||
| 300 | |a 22 p. | ||
| 505 | 0 | |a Siembra directa y ferilización en sistemas ganaderos de la región semiárida pampeana / A. Vallejo, R. Souto y A. Quiroga -- Eficiencia en el uso del agua y fertilización de verdeos de invierno en sistemas ganaderos de la región semiárida pampeana / A. Vallejo, A. Nistal, A. Bona y G. Gallo Cándolo -- Producción y valor nutritivo de verdeos de invierno en siembra directa / A.J. Pordomingo, A. Quiroga, A. Jonas, G. Santucho, G. Otamendi, H. Buffa, H. G. Rolheiser y P. D. Albertario. | |
| 653 | |a Siembra directa | ||
| 653 | |a Fertilización | ||
| 653 | |a Sistemas ganaderos | ||
| 653 | |a Región semiárida | ||
| 859 | |a CEMS |b BIB. CEMS - Agricultura |h 631.5 |i V242 |p A2867.16 |t Ej.1 | ||
